000 00347pam a2200157a 44500
008 230515b2009 xxu||||| |||| 00| 0 eng d
020 _aNULL
041 _aENGLISH
082 _a651.8 DAS
100 _aDAS BRAJA M
245 _aT B OFGEOTECHNICAL ENGINEERING
250 _a1
260 _aDELHI
_bNA
_c2009
300 _a567
650 _aNULL
999 _c639902
_d639902